Countries Led By Descendants of Genghis Khan - Statistics

General Stats
  • This quiz has been taken 19 times
  • The average score is 14 of 57
Answer Stats
Descendants (Years) Answer % Correct
Chinggis Khagan* (1206-1227) Tolui (1227-1229)
Ögedei Khan (1229-1241) Güyük Khan (1246-1248) Möngke Khan (1251-1259) Ariq Böke (1259-1260) Kublai Khan (1260-1294)
Mongol Empire
100%
Abu'l-Khayr Khan (1428-1468)
Sheikh Haidar Baruj Oghlan (1468-1471)
Uzbek Khanate
61%
Kublai Khan (1260-1294) Öljeytü Temür Khan (1294-1307) Külüg Khaisan Khan (1307-1311) Buyantu Ayurbarwada Khan (1311-1320) Gegeen Shidibala Khan (1320-1323) Yesün Temür (1323-1328) Ragibagh Khan / Babukhan (1328) Jayaatu Khan Tugh Temür (1328-1329, 1329-1332) Khutughtu Khan Khüslen (1329) Rinchinbal Khan (1332) Togoon Tömör Ukhaghatu Khan (1333-1368) Great Yuán
56%
Kerei Khan (1465-1473) Janibek Khan (1473-1480) Burunduk Khan (1480-1511) Qasim Khan (1511-1521) Mūhammed bin Qasim Khan (1521-1523) Taiyr Khan (1523-1533) Buidash / Aḥmed Khan (1533-1535) Buidash / Toghym (1535-1537) Haqnazar Khan (1538-1580) Shigay Khan (1580-1582) Tevkel Khan (1582-1598) Esim Khan (1598-1628) Zhanibek II Khan (1628-1643) Salqām-Jahangīr Khan (1643-1652) Batyr Khan (1652-1680) Täuekel-Mūhammed Khan (1680-1715) Qaiyp Khan (1715-1718) Bolat Khan (1718-1729) Äbilmämbet Khan (1729-1771) Abu'l-Mansur Ablai Khan (1771-1781) Kenesary Qasymuly (1841-1847) Kazakh Khanate
56%
Sultan Ahmed Mirza (1469-1494) Sultan Mahmud Mirza (1494-1495) Sultan Baysonqor Mirza (1495-1497) Sultan Ali bin Mahmud Mirza (1497-1500) Timurid Bukhara / Timurid Samarkand
56%
Jochi (1225)
Ulaagchi Khan (1257)
Berke Khan (1257-1266) Möngke Temür (1266-1280) Tölebuqa Khan (1287-1291) Toqta (1291-1302, 1309-1312) Muhammad Özbeg Khan (1313-1341) Tini Beg (1341-1342) Jani Beg (1342-1344) Timur Khwaja (1361) Ordu Malik (1361) Kildi Beg (1361-1362) 'Abdallāh Khan (1367-1370) Urus Khan (1373-1375) Tokhtamysh (1380-1395) Quyurchuq (1395-1397) Temür Qutlugh (1397-1399) Shādī Beg (1399-1407) Pūlād Khan (1407-1409, 1409-1410) Karīm Berdi (1409, 1412-1413, 1414) Tīmūr Khan (1410-1411) Jalal al-Din Khan (1411-1412) Kebek (1413-1414) Jabbār Berdi (1414-1415, 1416-1417) Chekre (1415-1416) Darwish (1417-1419) Qādir Berdi (1419) Hajji Muhammad (1419) Dawlat Berdi / Ulugh Muhammad (1419-1421, 1428-1432) Ulugh Muhammad (1421-1423, 1432-1433) Barak Khan (1423-1428) Sayid Ahmad I / Ulugh Muhammad / Küchük Muḥammad (1433-1437) Sayid Ahmad I / Küchük Muḥammad (1437-1455) Küchük Muḥammad (1455-1459)
Ulug Ulus(Golden Horde)
56%
Babur II (1526-1530) Nasir al-Din Muhammad Humayun (1530-1540, 1555-1556) Jalal-ud-Din Muhammad Akbar (1560-1605) Nur ud-din Muhammad Salim Jahangir (1605-1627) Shahryar Mirza / Dawar Bakhsh (1627-1628) Shah Jahan I (1628-1658) Aurangzeb Alamgir I (1658-1707) Bahadur Shah I (1707-1712) Jahandar Shah (1712-1713) Farrukhsiyar (1713-1719) Rafi ud-Darajat (1719) Shah Jahan II (1719) Mirza Nasir-ud-Din Muḥammad Shah (1719-1720, 1720-1748) Muhammad Ibrahim Jahangir II (1720) Ahmad Shah Bahadur (1748-1754) Aziz-ud-Din Muhammad Alamgir II (1754-1759) Shah Jahan III (1759-1760) Shah Alam II (1760-1788, 1788-1806) Jahan Shah (1788) Akbar Shah II (1806-1837) Bahadur Shah II Zafar (1837-1857) Mughal Empire
50%
Mirza Shah Mahmud (1457)
Ibrahim Mirza (1457-1459) Sultan Husayn Bayqara (1469-1470, 1470-1506) Yadgar Muhammad Mirza (1470)
Badi' al-Zaman Mirza / Muzaffar Husayn Mirza (1506-1507)
Timurid Herat
44%
Chagatai Khan (1225-1242) Qara Hülegü (1242-1246, 1252) Yesü Möngke (1246-1252) Orghana Khatun (1252-1260) Alghu Khan (1260-1266) Mubarak Shah (1266) Ghiyas-ud-din Baraq (1266-1270) Kaidu Khan / Negübei (1270-1272) Negübei (1272) Kaidu Khan / Buqa Temür (1272-1282) Kaidu Khan / Duwa Khan (1282-1301) Duwa Khan (1301-1303, 1306-1307) Chapar bin Kaidu / Duwa Khan (1303-1306) Könchek Khan (1307-1308) Taliqu Khan (1308-1309) Kebek Khan (1309-1310, 1318-1325) Esen Buqa I Khan (1310-1318) Eljigidey Khan (1325-1329) Duwa Temür Khan (1329-1330) Ala-ad-din Tarmashirin Khan (1331-1334) Buzan Khan (1334-1335) Chǎngshī (1335-1337) Yesun Temur (1337-1339) 'Ali-Sultan (1339-1342) Muhammad I ibn Pulad (1342-1343) Qazan Khan ibn Yasaur (1343-1346) Danishmandchi (1346-1348) Tughlugh Timur Khan (1360-1363) Chagatai Khanate
39%
Sayyid Haydar bin Shahmurad (1799-1826) Sayyid Mir Hussein bin Haydar (1826) Sayyid Umar bin Haydar (1826-1827) Sayyid Nasr-Allah bin Haydar Tora (1827-1860) Sayyid Muzaffar bin Nasrullah (1860-1885) Sayyid ʽAbd al-Ahad Khan (1885-1910) Sayyid Mir Muhammad Alim Khan (1911-1920) Emirate of Bukhara
39%
Muhammad Shaybani Khan (1500-1510) Suyunchxoʻjaxon ibn Abu'l-Khayr Khan (1511-1512) Kuchkunchi Muhammad Khan (1512-1530) Abu Sa'id Khan (1530-1533) Ubaidullah Khan (1533-1540) Abdullah I ibn Kuchkunchi (1540) Abdul-Latif ibn Kuchkunchi (1540-1552) Nawruz Ahmad Baraq Khan (1552-1556) Pir Muhammad I ibn Jani Beg (1556-1561) Iskandar ibn Jani Beg / Abdullah II ibn Iskandar (1561-1583) Abdullah II ibn Iskandar (1583-1598) Abdul-Mu'min ibn Abdullah (1598) Pir Muhammad II ibn Sulayman (1598-1599) Yar Muhammad Khan / Baqi Muhammad Khan (1599-1600) Jani Muhammad Khan / Baqi Muhammad Khan (1600-1603) Baqi Muhammad Khan (1603-1606) Vali Muhammad Khan (1606-1611, 1611) Imam Quli Khan (1611, 1611-1642) Nadr Muhammad Khan (1642-1645) Abd al-Aziz Khan (1645-1681) Subhan Quli Khan (1681-1702) Muhammad Ubaidullah II Khan (1702-1711) Abu al-Fayz Khan (1711-1747) Muhammad Abd al-Mumin (1747-1751) Muhammad Ubaidullah III (1751-1753) Shir-Ghazi ibn Abu al-Fayz (1754-1756) Abu'l-Ghazi Khan (1758-1785) Khanate of Bukhara
39%
Zahīr ud-Dīn Muhammad Babur II (1504) Timurid Balkh
39%
Shah Rukh (1405-1447) Mīrzā Muhammad Tarāghāy Ulugh Beg (1447-1449) 'Abd al-Latif Mirza (1449-1450) 'Abdullah Mirza (1450-1451) Zahīr ud-Dīn Muhammad Babur II (1511-1512) Timurid Empire
39%
Sultan Muhammad (1447-1451) Timurid Fars / Shiraz
39%
Sultan Masud Mirza bin Mahmud Mirza (1495-1497) Sultan Baysonqor Mirza (1497-1499) Timurid Hissar
39%
Zahīr ud-Dīn Muhammad Babur II (1504-1511, 1512-1530) Timurid Kabul
39%
Abul-Qasim Babur Mirza (1449-1457) Timurid Khorasan
39%
Khalil Sultan (1405-1409) Timurid Transoxiana
39%
Bayan Qulï (1348-1358) Shah Temur (1358) Adil-Sultan (1363, 1366-1370) Khabul Shah (1364-1366) Soyurghatmïsh Khan (1370-1388) Sultan Mahmud Khan (1388-1403) Western Chagatai Khanate
39%
Hülegü Khan (1256-1265) Abaqa Khan (1265-1282) Sultan Ahmed Tögöldör (1282-1284) Arghun Khan (1284-1291) Gaykhatu Rinchendorje (1291-1295) Baydu (1295) Ghazan Khan (1295-1304) Öljaitü Mohammad-e Khodabandeh (1304-1316) Abu Sa'id Bahadur Khan (1316-1335) Musa Khan (1335) Arpa Ke'un (1335-1336) Pir Muhammad Khan (1336-1338) Sati Beg (1338-1339) Jahan Temür (1339-1340) Suleiman Khan (1340-1343) Ilkhanate
33%
Elbars Khan I (1511-1518) Sultan Haji Khan / Sultan Ghazi (1518-1519) Hasan Quli Khan (1519) Sofi'yan Khan (1519-1522) Bujaqa Khan (1522-1526) Avanesh Khan (1526-1539) Qal Khan (1541-1547) Aqatoy Khan (1547-1557) Doʻst Muhammad ibn Bujaqa Khan (1557-1558) Haji Muhammad I Khan (1558-1594, 1598-1602) Arab Muhammad I Khan (1602-1621) Habash Sultan / Elbars II Sultan (1621-1623) Isfandiyar Khan (1623-1643) Abu al-Ghazi Bahadur (1643-1663) Anusha Khan (1663-1686) Khudoydod Khan (1686-1689) Arang Muhammad I Khan (1689-1694) Jo'ji Sultan Khan (1694-1697) Vali Khan (1697-1698) Shahniyoz Khan (1698-1702) Shahbakht Khan (1702-1703) Sayyid Ali Khan (1703) Musa Khan (1703-1704) Yadigar I Khan (1704-1714) Haji Muhammad II (1714) Awrang III Khan (1714-1715) Sherg'ozi Khan (1715-1721) Sherg'ozi Khan / Shah Timur Khan (1721-1728) Mamai Khan (1728) Batyr Bahadur Khan (1728) Elbars III Khan / Shah Timur Khan (1728-1736) Elbars III Khan (1736-1740) Abulkhair Khan (1740) Tahir Khan (1740-1741) Nurali I Khan (1742) Abu al-Ghazi II Khan (1742-1746) Gaip Khan (1747-1757) Abdallah Karabay Khan (1757) Timur Ghazi Khan (1757-1764) Tauke Sultan (1764-1766) Shah Ghazi Khan (1766-1768) Abu al-Ghazi III Khan (1768-1769) Nurali II Khan (1769) Jangir Khan (1769-1770) Bölekey Khan (1770) Agym Khan (1770-1772, 1775-1776) Abdalaziz ibn Gaip Khan (1772-1773) Artuq-Ghazi Khan (1774-1775) Abu'l Fayz Khan (1776-1779) Bolat-Ghazi Khan (1781-1783) Yadigar II Khan (1783-1790) Abu al-Ghazi IV Khan (1790-1802) Abu al-Ghazi V Khan (1802-1805) Khanate of Khiva
33%
Ulugh Muhammad (1438-1445) Mäxmüd Khan (1445-1466) Xälil (1466-1467) Ibrahim Khan (1467-1479) İlham Ğäli (1479-1484, 1485-1487) Möxämmät-Ämin Khan (1484-1485, 1487-1495, 1502-1518) Mamuq Shaybanid (1495-1496) Ghabdellatif (1496-1502) Şahğali (1518-1521, 1546, 1551-1552) Sahib I Giray (1521-1525) Safa Giray (1525-1532, 1535-1546, 1546-1549) Dzhan-Ali (1532-1535) Devlet I Giray (1549-1551) Yädegär Möxämmäd (1552) Khanate of Kazan
28%
Orda Ichen (1226-1251) Qun Quran (1251-1280) Köchü (1280-1302) Bayan (1302-1309) Sasibuqa (1310-1320) Ilbasan (1320-1344) Mubarak Khwaja (1344) Chimtay (1344-1361) ʿAbdallāh Khan (1361-1364) Urus Khan (1369-1373, 1375-1377) Toqtaqiya (1377) Temür Malik (1377-1378) Tokhtamysh (1378-1380) White Horde
28%
Batu Khan (1227-1255) Sartaq Khan (1256-1257) Todmönkh (1280-1287) Toqta (1302-1309) Jani Beg (1344-1357) Berdi Beg (1357-1359) Qulpa (1359-1360) Nawruz Beg (1360) Mahmud Khiḍr Khan (1360-1361) Murād Khan (1362-1363) Khayr Pūlād (1363-1364) ʿAzīz Shaykh (1364-1367) Tulun Beg Khanum (1370-1371) Muḥammad-Sulṭān (1371-1373) Il Beg (1374) Qāghān Beg (1375-1377) ʿArab Shāh (1377-1380) Blue Horde
22%
Hacı I Giray (1441-1456, 1456-1466)
Hayder Khan Giray (1456) Nur Devlet Giray (1466-1468, 1474-1475, 1477) Meñli I Giray (1468-1474, 1475-1476, 1478-1514) Mehmed I Giray (1514-1523) Ğazı I Giray (1523-1524)
Saadet I Giray (1524-1532) İslâm I Giray (1532) Sahib I Giray (1532-1551) Devlet I Giray (1551-1577) Mehmed II Giray (1577-1584) Saadet II Giray (1584) İslâm II Giray (1584-1588) Ğazı II Giray (1588-1596, 1596-1607) Fetih I Giray (1596) Toqtamış Giray (1607-1608) Selâmet I Giray (1608-1610) Canibek Giray (1610-1623, 1628-1635) Mehmed III Giray (1623-1628) İnayet Giray (1635-1637) Bahadır I Giray (1637-1641) Mehmed IV Giray (1641-1644, 1654-1666) İslâm III Giray (1644-1654) Adil Giray (1666-1671) Selim I Giray (1671-1678, 1684-1691, 1692-1699, 1702-1704) Murad Giray (1678-1683) Haci II Giray (1683-1684) Saadet III Giray (1691) Safa Giray (1691-1692) Devlet II Giray (1699-1702, 1709-1713) Ğazı III Giray (1704-1707) Qaplan I Giray (1707-1708, 1713-1715) Devlet III Giray (1716-1717) Saadet IV Giray (1717-1724) Meñli II Giray (1737-1740) Selâmet II Giray (1740-1743) Selim II Giray (1743-1748) Arslan Giray (1748-1756, 1767) Halim Giray (1756-1758) Qırım Giray (1758-1764, 1768-1769) Selim III Giray (1765-1767, 1770-1771) Maksud Giray (1767-1768) Devlet IV Giray (1769-1770, 1775-1777) Qaplan II Giray (1770) Sahib II Giray (1771-1775) Şahin Giray (1777-1782, 1782-1783) Bahadır II Giray (1782)
Crimean Khanate
22%
Mahmud bin Küchük (1459-1465) Ahmed Khan bin Küchük (1465-1481) Shaykh Aḥmad (1481-1502) Uluğ Orda (Great Horde)
22%
Mahmud bin Küchük (1465-1466) Qasim I Khan (1466-1490) Abdal-Karim Khan (1490-1504) Qasim II Khan (1504-1523) Aq Kübek Khan (1532-1534, 1541-1544) Abdur Rahman (1534-1538) Sheikh Haydar (1538-1541) Yamghurchi Khan (1544-1554) Därwiş Ğäli Khan (1554-1557) Astrakhan Khanate
17%
Tögs-Ochiryn Namnansüren (1912-1919) Roman von Ungern-Sternberg (1921) [Likely Falsely Claimed] Bogd Khanate
17%
Tokhtamysh (1400-1406) Hajji Muhammad (1420-1428) Sayyid Ibak Khan (1468-1495) Mamuq Shaybanid (1495-1496) Abalak Shaybanid (1496-1501) Kuluk Sultan (1502-1530) Kuchum Khan (1563-1582, 1584-1598) Khanate of Sibir
17%
Tughlugh Timur Khan (1347-1360) Ilyas Khoja (1363-1368) Khizr Khoja (1390-1399) Shams-i-Jahan (1399-1408) Muhammad Khan II (1408-1415) Naqsh-i-Jahan (1415-1418) Uwais Khan ibn Sher Ali (1418-1421, 1425-1429) Shir Muhammad Khan (1421-1425) Satuq Khan / Esen Buqa II (1429-1434) Esen Buqa II (1434-1462) Yunus Khan (1469-1487) Mansur Khan (1508-1514) Moghulistan
17%
Qasim Khan (1452-1468) Daniyal ibn Qasim (1468-1486) Nur Devlet Giray (1486-1491) Satylghan ibn Nur Daulat (1491-1506) Janai ibn Nur Daulat (1506-1512) Shaykh Allahyar ibn Bakhtiyar ibn Küchük (1512-1516) Şahğali ibn Shaykh Allahyar (1516-1519, 1535-1567) Dzhan-Ali ibn Shaykh Allahyar (1519-1531) Simeon Bekbulatovich (1567-1573) Mustafa Ali ibn Abdullah ibn Aq Kubek (1584-1590) Uraz Muhammad ibn Ondak Sultan (1600-1610) Arslanghali Khan (1614-1627) Sayed Borhan Khan (1627-1679) Qasim Khanate
17%
Dost Muhammad Khan (1462-1468) Kebek Sultan Oghlan (1468-1469) Sultan Ahmad Alaq Khan (1487-1503) Mansur Khan (1503-1508, 1514-1543) Shah Khan (1543-1570) Abul Muhammad ibn Mansur Khan (1570) Sufi Khan (1570) Koraish Sultan (1570-1588) Muhammad Sultan Khan (1588-1591) Abduraim Khan (1591-1594, 1605-1608, 1610-1634) Khudabanda Sultan (1594-1605) Muhammad Khashim Sultan / Abduraim Khan (1608-1610) Abdullah Khan (1634-1638) Abu'l Muhammad Khan (1638-1653) Sultan Sa'id Baba Khan (1653, 1655-1680) Ibrahim Sultan (1653-1655) Abd ar-Rashid Khan II (1680-1682) Muhammad Amin Khan (1682-1690) Turpan Khanate /Uyghurstan / Eastern Moghulistan
17%
Yagi Basti (1343-1344) Surghan (1344-1345) Chobanid Dynasty
11%
Shaikh Hasan Buzurg (1336-1356) Shaykh Uways Jalayir (1356-1374) Shaikh Hasan Jalayir (1374) Shaikh Hussain Jalayir (1374-1382) Shaikh Bayazid Jalayir / Sultan Ahmad Jalayir (1382-1384) Sultan Ahmad Jalayir (1384-1410) Shah Walad Jalayir (1410-1411) Tandu Khatun / Mahmud bin Shah Walad Jalayir (1411-1415) Tandu Khatun / Shaykh Uways II Jalayir (1415-1419) Shaykh Uways II Jalayir (1419-1421) Muhammad bin Shah Walad Jalayir (1421-1422) Mahmud bin Shah Walad Jalayir (1422-1424) Hussain II Jalayir (1424-1432) Jalayirid Sultanate
11%
Hajji-Taghay (1332-1343) Ibrahim-Shah (1343-1350) Pir-Muhammad (1350-1351) Sutayid Beylik
11%
Ubasi Khong Tayiji (1587-1627) Ombo-Erdene Badma khuntaiji (1627-1657) Erinchin Lovsan-taiji (1657-1686) Gendun-Daichin (1686-1697) Senjav khuntaiji (1697-1703) Altan Khanate / Khotgoit Khanate
6%
Kasym Biy (1541-1555) Aka bin Sheikh Mamay (1555-1580) Altyul Ulus(Altyul Horde)
6%
Bökei Khan (1801-1815)
Şiğai Khan (1815-1823) Jäñgir-Kerei Khan (1823-1845)
Sahib-Kerei Khan (1845-1849)
Bökei Horde
6%
Muhammad II Chelebi (1380-1381) Eretnid Dynasty
6%
Tinekhmat Biy / Urus Biy (1563-1578) Dinbay-Mirza / Urus Biy (1578-1584) Sa'id Ahmad Mirza / Urus Biy / Uraz Muhammad Biy (1584-1587) Urus Biy / Uraz Muhammad Biy (1587-1590) Uraz Muhammad Biy / Din Muhammad Biy (1590-1598) Din Muhammad Biy / Ishterek Biy (1598-1600) Ishterek Biy / Kuchuk Mirza / Yash Tarak Mirza (1600-1604) Ishterek Biy / Yash Tarak / Shai Tarak / Karakel Mhd. (1604-1619) Karakel Muhammad Mirza (1619-1622) Karakel Muhammad Mirza / Kanay Biy (1622-1631) Kanay Biy (1631-1634) Great Nogai Horde
6%
Yagi Basti (1343) Injuid Dynasty
6%
Abū'l-Khair Muhammed Khan (1718-1748) Nuraly Khan (1748-1786) Eraly Khan (1791-1794) Nuralyuly Esim Khan (1795-1797) Ayshuaq Khan (1797-1805) Shantore Khan (1805-1809) Shergazy Khan (1812-1824) Kışı Jüz(Junior Jüz)
6%
É-bèi-dōu-lā Beg (1697-1709) Guō-pà Beg (1709-1711) É-mǐn (1711-1740) Yù-sù-fǔ (1740-1767) Yī-sà-kè (1767-1780) é-Ěr-dé-xī-ěr (1780-1813) Bó-xī-ěr (1813-1867) Mài-hǎ-mò-tè (1867-1882) Mù-hú-suǒ-tè Shā (1882-1930) Kumul Khanate
6%
Kazyy Biy (1554-1576) Yakhshisaad Biy (1576-1590) Baran Ghazi Biy (1600-1621) Kasim Biy (1621-1639) Lesser Nogai Horde
6%
Mansur Biy (1419-1427) Din Sufi Biy (1427-1440) Timur Biy (1440-1486) Jan-Kuvvat Biy (1486-1490) Hajji Ahmad Biy (1490-1505) Tavakkul Biy (1505-1532) Baki Biy (1532-1535, 1540-1542) Khoja Ahmad Biy (1535-1540) Divey Biy (1542-1573) Yeseny Hasan Biy (1573-1588) Arslanai Divey Biy (1588-1595) Muhammad Biy (1595-1615) Sulyum-Muhammad Biy (1615-1635) Arslan Shah (1635-1650) Mansur Horde / Mangoods
6%
Edigu Biy (1392-1412) Nuraddin Batyr Biy (1412-1419) Mansur Biy (1419-1427) Gazi Biy (1427-1428) Vakkas Biy (1428-1447) Khorezmi Biy (1447-1473) Abbas Biy (1473-1491) Musa Biy (1491-1502) Yagmurchi Biy (1502-1504) Hasan Biy (1504-1508) Sheikh Muhammad Biy (1508-1510, 1516-1519) Alchagir Biy (1510-1516) Agish Biy (1521-1524) Sa'id Ahmad Biy (1524-1537) Sa'id Ahmad Biy / Hajji Muhammad Mirza / Mamay Biy (1537-1541) Sheikh-Mamay Biy (1541-1549) Yusuf Biy (1549-1554, 1556) Ismail Biy (1557-1563) Nogai Horde
6%
Togoon Tömör Ukhaghatu Khan (1368-1370) Biligtü Khan Ayushiridara (1370-1378) Uskhal Khan Tögüs Temür (1378-1388) Jorightu Khan Yesüder (1388-1391) Engke Khan (1391-1394) Elbeg Nigülesügchi Khan (1394-1399) Toqoqan Gün Temür Khan (1399-1402) Örüg Temür Khan (1402-1408) Bunyashiri Öljei Temür Khan (1408-1412) Delbeg Khan (1412-1415) Oyiradai (1415-1425) Adai Khan (1425-1438) Taisun Khan (1438-1452) Agbarjin (1454) Makhagörgis Ükegtü Khan (1455-1465) Tögüs Molon Khan (1465-1466) Manduul Khan (1475-1479) Batumöngke Dayan Khan (1480-1517) Bars Bolud (1517-1519) Bodi Alagh Khan (1519-1547) Darayisung Gödeng Khan (1547-1557) Tümen Zasagt Khan (1558-1592) Buyan Sechen Khan (1592-1603) Ligdan Khutugtu Khan (1603-1634) Erke Khongghor (1634-1635) Northern Yuán
6%
Sämeke Khan (1719-1734) Äbilmämbet Khan (1734-1771) Abu'l-Mansur Ablai Khan (1771-1781) Uäli Khan (1781-1819) Ghubaidollah Khan (1819-1824) Orta Jüz(Middle Jüz)
6%
Gunashiri (1380-1393) Engke Temür (1393-1405) Toqto (1405-1411) Manglī Temür (1411-1425) Budashiri (1425-1427) Budashiri / Toghon Temür (1427-1437) Budashiri / Toqto'a Temür (1437-1439) Khalīl Sulṭān (1439-1457) Bürege (1457-1460) Bagh Temür (1466-1472) Qanshen (1472-1488) Engke Bolad (1488-1492, 1493-1497) Shamba (1492-1493, 1497-1505) Beyazıt (1505-1513) Qamil / Kara Del
6%
Dashdondov (1725-1726) Lamjav (1726-1733) Dechinjav (1733-1772) Norovjav (1772-1786) Tsedenjav (1786-1793) Rinchindorj (1793-1802) Puntsagdash (1802-1817) Tserendorj (1817-1853) Damchoi (1853-1871) Tserendondov (1871-1883) Tögs-Ochir Sain (1883-1896) Tögs-Ochiryn Namnansüren (1896-1919) Batsükh Khan (1919-1923) Sain Noyon
6%
Sholoi Gegeen Setsen Khan (1627-1655) Babu Khan (1655-1683) Norov Khan (1683-1688) Ilden Ravdan (1688-1690) Ömkhei Khan (1691-1709) Günchin Khan (1709-1728) Tsevdenbanjuur Khan (1728-1733) Choizav Khan (1733-1735) Damiran Khan (1735-1751) Manybadar Khan (1751-1767) Tsevdenjav Khan (1767-1788) Tseveendorj Khan (1788-1795) Puntsagdorj Khan (1795) Sanzaidorj Khan (1796-1800) Mahashiri Khan (1800-1807) Enkhtör Khan (1807-1817) Artased Khan (1817-1875) Tserendorj Khan (1875-1893) Demchigdorj Khan (1893-1909) Tserendondovyn Navaanneren (1910-1923) Sechen Khanate
6%
Husain Sufi (1361-1372) Yusuf Sufi (1372-1379) Suleiman Sufi (1387) Sufi Dynasty /Khwarazm
6%
Barsboladiin Altan Khan (1542-1582) Tümed /Khalkha-Chahar State /
Right Wing of the Mongols
6%
Abtai Sain Khan (1586-1588) Erkhi Mergen Khan (1588-1610) Gombodorj Khan (1610-1655) Chakhundorj Khan (1655-1699) Efü Dondubdorj Khan (1699-1702) Rabdandorj Khan (1702-1719) Vanjildorj Khan (1719-1732) Dondandorj Khan (1732-1743) Dondobdorj Khan (1743-1745) Yampildorj Khan (1745-1759) Tsedendorj Khan (1759-1793, 1794-1815) Minjüürdorj Khan (1793-1794) Oidubdorj Khan (1815-1829) Erentei Khan (1829-1832) Tserendorj Khan (1832-1863) Nasantsogt Khan (1863-1904) Dashnyam Khan (1904-1912) Dorjsürenkhoroljab Khan (1912-1923) Tüsheet Khanate
6%
Janäli Khan (1588-1600) Tynym Khan (1600-1603) Keldi Mukhammed Khan (1603-1607) Shah Said Khan (1607-1612) Eskendir Khan (1612-1613) Tursin Mukhammed Khan (1613-1627) Ablai Khan I (1627-1628) Imaquli Khan (1628-1642) Rustem Khan (1642-1698) Isfendiyar Khan (1698-1712) Tursin Khan II (1712-1717) Qart-Äbilqaiyr Khan (1717-1730) Jolbarys Khan (1730-1740) Äbilfaiyz Khan (1740-1750) Abu'l-Mansur Ablai Khan (1756-1771) Äbilpeiiz Bahadur Khan (1771-1774) Ädil Khan (1774-1781) Qasim Khan II (1806-1809) Toqai Khan (1809-1826) Ūly Jüz(Great Jüz)
6%
Yunus Khan (1462-1469) Sultan Mahmud Khan (1487-1508) Sultan Sa'id Khan (1514-1533) Abdur-Rashid Khan (1533-1560) Abdul Karim Khan (1560-1591) Muhammad Sultan (1592-1609) Shah Shudja' ad-Din Ahmad Shahid Khan (1609-1618) Kuraysh Sultan (1618) Abd al-Latif Khan (1618-1630) Sultan Ahmad Pulat Khan (1630-1633, 1636-1638) Mahmud Sultan Qilich Khan (1633-1636) Abdullah Khan (1638-1667, 1668-1669) Nur ad-Din Sultan (1667-1668) Ismail Khan (1669, 1670-1678) Yuibars Khan (1669-1670) Abd al-Latif Sultan (1670) Abd ar-Rashid Khan II (1678-1682) Muhammad Amin Khan (1682-1692) Yahiya Khoja (1692-1695) Khanum Padshah (1695) Muhammad Mumin Akbash Khan (1695-1705) Yarkent Khanate /Kashgaria / Western Moghulistan
6%
Laihur Khan (1596) Subadai Zasagt Khan (1596-1650) Norob Bishrelt Khan (1650-1661) Chu Mergen Zasagt Khan (1661) Vanchig Khan (1661-1662) Tsengüün Khan (1662-1686) Shar Khan (1686-1687) Tsevenjab Khan (1691-1732) Geveenpil Khan (1732-1741) Baldar Khan (1732-1770) Tsevenbalzai Khan (1770-1791) Buniradna Khan (1791-1823) Manibazar Khan (1823-1840) Tserendondub Khan (1840-1877) Dorjpalam Khan (1877-1898) Sodnomravdan Khan (1898-1912) Agvaantseren Khan (1912-1915) Tserengombozav Khan (1915-1923) Zasagt Khanate
6%
No matching quizzes found
Score Distribution
Percent of People with Each Score
Percentile by Number Answered
Your Score History
You have not taken this quiz